000 00546nam a2200181 i 4500
001 149428
003 ES-MaACL
005 20230906203111.0
007 t|
008 071022s1961 sp ||||1| spa d
100 1 _aVela, Fernando.
_9113674
245 1 0 _aOrtega y los existencialismos /
_cFernando Vela.
260 _aMadrid :
_bRevista de Occidente,
_c[1961]
300 _a145 p. ;
_c19 cm.
600 1 4 _aOrtega y Gasset, José,
_d1883-1955-
_xCrítica e interpretación
_987505
852 _aES-MaACL
_jE-899
999 _c149428
_d149428